00354 a2200109 4500020001500000020001800015082000800033100002100041245013000062260003100192300002100223 a0387256415 a978038725641204a7931 aGardner, Martin.14aThe universe in a handkerchief :blewis carroll's mathematical recreations, games, puzzles, and word plays /cMartin Gardner. a[S.l.] :bSpringer,c1996. a168 p. ;c24 cm.